000 00195nam a2200085Ia 4500
008 120527s9999 xx 000 0 und d
100 _aHellmith, Jerome
245 _aExceptional infant
942 _cBK
999 _c27603
_d27603